| 000 | 00738nam a2200205 i 4500 | ||
|---|---|---|---|
| 001 | 95646 | ||
| 003 | ES-MaACL | ||
| 005 | 20230906181739.0 | ||
| 007 | t| | ||
| 008 | 050601s1973 sp ||||1| spa d | ||
| 100 | 1 |
_aLlorens, Peregrin-Luis. _972882 |
|
| 245 | 1 | 0 |
_aEpiscopologio de la diócesis de Segorbe-Castelláon / _cPeregrin-Luis Llorens Raga. |
| 260 |
_aMadrid : _bInstituto Enrique Flórez, _c1973. |
||
| 300 |
_a2 v. ; _c25 cm. |
||
| 490 | 1 |
_aMonografías de historia eclesiástica ; _vv. VI-VII |
|
| 710 | 2 |
_aInstituto de Historia Eclesiástica "Padre Enrique Flórez" _94954 |
|
| 830 | 0 |
_aMonografías de historia eclesiástica ; _vv. VI-VII _9184367 |
|
| 852 |
_aES-MaACL _jC-51980-1 _bR.85706 |
||
| 999 |
_c95646 _d95646 |
||